[Event "Wch FIDE Online U12 Girls Asia qual"]
[Site "Tornelo INT"]
[Date "2020.12.13"]
[Round "6"]
[White "Mariam, Mohammed Almaeeni"]
[Black "Zhao, Caidi"]
[Result "0-1"]
[WhiteElo "1267"]
[BlackElo "1507"]
[PlyCount "86"]
[EventDate "2020.12.11"]
[EventType "swiss (rapid)"]
[EventRounds "7"]
[EventCountry "ISS"]
[SourceTitle "EXT 2022"]
[Source "ChessBase"]
[SourceDate "2021.10.06"]
[SourceVersion "1"]
[SourceVersionDate "2021.10.06"]
[SourceQuality "1"]

1. f4 Nf6 2. Nf3 d5 3. e3 c5 4. b3 e6 5. Bb2 Be7 6. Be2 0-0 7. 0-0 Nbd7 8. c4 b6 9. Qe1 Bb7 10. Nc3 Rc8 11. cxd5 exd5 12. d4 Re8 13. Ne5 Bf8 14. Rc1 Qe7 15. Qg3 Qe6 16. Bd3 h6 17. Ne2 Nh5 18. Qh4 Nhf6 19. Ng3 Nxe5 20. dxe5 Qg4 21. Qxg4 Nxg4 22. Rfe1 d4 23. exd4 cxd4 24. Nf5 Red8 25. g3 Ne3 26. Rxc8 Bxc8 27. Nd6 Bxd6 28. exd6 Rxd6 29. Bxd4 Rxd4 30. Rxe3 Be6 31. f5 Bd5 32. Re8+ Kh7 33. f6+ Rxd3 34. Rd8 gxf6 35. Kf2 Be4 36. Rxd3 Bxd3 37. Ke3 Bf5 38. Kf4 Kg6 39. g4 Be6 40. h3 h5 41. gxh5+ Kxh5 42. Kg3 Kg5 43. h4+ Kh5 0-1

[Event "China zt 3.5 (Women)"]
[Site "Zibo"]
[Date "2019.09.09"]
[Round "7"]
[White "Zhao, Caidi"]
[Black "Zhang, Xiao"]
[Result "0-1"]
[WhiteElo "1540"]
[BlackElo "2073"]
[PlyCount "48"]
[EventDate "2019.09.05"]
[EventType "swiss"]
[EventRounds "11"]
[EventCountry "CHN"]
[SourceTitle "EXT 2020"]
[Source "ChessBase"]
[SourceDate "2019.10.17"]
[SourceVersion "1"]
[SourceVersionDate "2019.10.17"]
[SourceQuality "1"]

1. e4 c6 2. d4 d5 3. Nc3 g6 4. Nf3 Bg4 5. Be2 Bg7 6. Be3 e6 7. h3 Bxf3 8. Bxf3 Nf6 9. Qd2 0-0 10. e5 Nfd7 11. h4 c5 12. h5 cxd4 13. Bxd4 Nxe5 14. hxg6 fxg6 15. Bxe5 Bxe5 16. Qh6 Qe7 17. 0-0 Nc6 18. Rae1 Qg7 19. Qh3 Rae8 20. Bg4 Nd4 21. f4 Rxf4 22. Rxf4 Bxf4 23. Nxd5 Be5 24. c3 exd5 0-1

[Event "Match France-Chine U12 G"]
[Site "Saint Quentin"]
[Date "2019.06.28"]
[Round "10.1"]
[White "Zhao, Caidi"]
[Black "Schippke, Manon"]
[Result "0-1"]
[WhiteElo "1540"]
[BlackElo "1767"]
[PlyCount "126"]
[EventDate "2019.06.??"]
[EventType "team-match (blitz)"]
[EventRounds "12"]
[EventCountry "FRA"]
[SourceTitle "EXT 2020"]
[Source "ChessBase"]
[SourceDate "2019.10.17"]
[SourceVersion "1"]
[SourceVersionDate "2019.10.17"]
[SourceQuality "1"]

1. e4 c5 2. Nf3 d6 3. d4 cxd4 4. Nxd4 Nf6 5. Nc3 Nc6 6. f3 e5 7. Nb3 Be7 8. Be3 Be6 9. Qd2 d5 10. exd5 Nxd5 11. Nxd5 Qxd5 12. 0-0-0 Qxd2+ 13. Rxd2 0-0 14. Nc5 Bc8 15. Bb5 a6 16. Bxc6 bxc6 17. Nd7 Bxd7 18. Rxd7 Bf6 19. Bc5 Rfd8 20. Rhd1 Bg5+ 21. Kb1 Rxd7 22. Rxd7 Rd8 23. Rxd8+ Bxd8 24. c4 f5 25. Kc2 Kf7 26. Kd3 h5 27. b4 g5 28. a4 g4 29. b5 axb5 30. axb5 cxb5 31. cxb5 Bc7 32. Ba7 h4 33. b6 Bd6 34. h3 gxh3 35. gxh3 Bc5 36. Kc4 Bg1 37. Kb5 e4 38. fxe4 fxe4 39. Kc4 Ke6 40. Kc3 Kf5 41. Kd2 Kf4 42. Bb8+ Kf3 43. Bc7 e3+ 44. Kd3 e2 45. b7 e1Q 46. b8Q Qf1+ 47. Kc2 Qxh3 48. Qf8+ Ke2 49. Qe8+ Be3 50. Qh5+ Kf2 51. Be5 Qc8+ 52. Kd3 Qd7+ 53. Ke4 Qc6+ 54. Kd3 Qd5+ 55. Kc2 Qc4+ 56. Kb1 Qd3+ 57. Ka1 Qf1+ 58. Kb2 Qe2+ 59. Qxe2+ Kxe2 60. Kc2 h3 61. Kc3 Kf3 62. Bh2 Bf4 63. Bg1 Kg2 0-1